000 02179nam0a2200361 4500
001 RU\NLR\BIBL_A\012828914
005 20220718142247.0
010 _a978-5-9676-1373-9
_9500
021 _aRU
_bКН-П-22-018355
_9КН-П-22-1577
035 _a(NLR Aleph) 012828914
035 _a(RuMoRGB)011018879
090 _a12350246
_c12350246
100 _a20220624d2022 k y0rusy50 ca
101 0 _arus
102 _aRU
105 _aa z 000zy
181 0 _ai3
_baxxe
182 0 _an
200 1 _aСовременные особенности производственной и технической эксплуатации транспортных средств
_eмонография
_fЛукашов Б. В.
203 _aТекст
_bвизуальный
_cнепосредственный
210 _aСанкт-Петербург
_cПетрополис
_d2022
215 _a173 с.
_cтабл.
_d21
320 _aБиблиогр.: с. 148-149 (22 назв.)
330 _aВ монографии представлены основные практические задачи для обеспечения работоспособности транспортных средств при их технической и производственной эксплуатации. Рассмотрены основные тенденции развития транспортной отрасли, в том числе высокоавтоматизированные транспортные средства и интеллектуальные транспортные системы. Монография подготовлена и предназначена для специалистов, занимающихся эксплуатацией ТС, а также для студентов и аспирантов
606 1 _aТранспортные машины
_xЭксплуатация
_2nlr_sh1
_2nlr_sh2
_3RU\NLR\AUTH\661343679
675 _a656
_v4
686 _a39.1
_2rubbks
686 1 _aО12-082
700 1 _aЛукашов
_bБ. В.
942 _cBOOK
980 _aNB